| 000 | 00873nam a22001337a 4500 | ||
|---|---|---|---|
| 040 | _cRUA | ||
| 082 | _aFOR HIE 2010 B139 Or.1 | ||
| 100 | _aHIENG, SOKNY. | ||
| 245 | _aScatter plant growing situation study in forestry practice school of royal university of agriculture at prambeymom commune thporng district kampong speu province, សិក្សាពីស្ថានភាពដំណុះរុក្ខជាតិ នៅសាលាអនុវត្តព្រៃឈើរបស់សាកលវិទ្យាល័យភូមិន្ទកសិកម្មនៅឃុំប្រាំបីមុម ស្រុកថ្ពង ខេត្តកំពង់ស្ពឺ | ||
| 260 |
_aPhnom Penh _bRUA _c2010 |
||
| 300 |
_ax; 48p. _bill. _c29cm. |
||
| 856 | _uhttps://drive.google.com/file/d/1GZTsITZsTAeEDguVZ1l3C88Wq-9q1Tdi/view?usp=sharing | ||
| 942 | _cFOR | ||
| 999 |
_c3397 _d3397 |
||